Animals That Start With C - Statistics

General Stats
  • This quiz has been taken 96 times
  • The average score is 19 of 26
Answer Stats
Description Animal % Correct
Produces milk Cow
97%
Humped desert mammal Camel
95%
Most common producer of eggs Chicken
93%
Fastest land animal Cheetah
92%
Closest living relative to humans Chimpanzee
92%
"Hooded" snake Cobra
90%
Crustacean with 10 legs and two claws Crab
90%
Giant reptile known to have the strongest bite in the world Crocodile
90%
Later becomes a butterfly Caterpillar
89%
Lizard that can change color to camouflage with its environment Chameleon
89%
Live in anemones; the stars of "Finding Nemo" Clownfish
82%
Also know as puma, panther, mountain lion, etc. Cougar
82%
Large freshwater fish named after common house pet Catfish
80%
Typically the "fish" in "fish and chips" Cod
80%
Canid wolf lookalike that roams just about every possible habitat Coyote
79%
Also known as a reindeer Caribou
75%
Disgusting common arthropod with 30 tiny legs Centipede
75%
Largest rodent in the world; South American native Capybara
72%
In the same family as storks, egrets, etc. Crane
72%
Dog breed that is the main star of the Beverly Hills _______ series Chihuahua
59%
Also spelled as crawfish Crayfish
56%
Colorful flightless bird of Australia and New Guinea Cassowary
51%
Relative of ^ Caiman
48%
South/Central American monkey; species include tufted, white-faced, etc. Capuchin
34%
In the same family as raccoons and kinkajous Coati
28%
Abstractly spotted Asian 3-foot-long carnivore that is NOT a leopard as their name suggests Clouded leopard
23%
No matching quizzes found
Score Distribution
Percent of People with Each Score
Percentile by Number Answered
Your Score History
You have not taken this quiz